LEADER 00876nam a2200193 i 4500 001 000000029304 003 CaOOAMICUS 005 20180830125448.0 008 180830s1911 it u000 u ita u 040 $aSeMil$bita 100 1 $aSonzini, Carlo.$0(OLS)http://semarc/name/13369 245 10$aStoria dell'Antico Testamento :$blezioni fatte al Ginnasio Superiore /$cd. Carlo Sonzini. 260 $aTorino :$bLibreria del Sacro Cuore,$c1911. 300 $av. ;$c21 cm. 650 4$aBibbia - AT - Storia.$0(OLS)http://semarc/subject/4671 774 0 $tDalla Creazione ad Abramo.$gEpoca1$w()225971 774 0 $tElezione del popolo d'Israele, ossia da Abramo a Mosč.$gEpoca2$w()225972 996 $6245$aStoria dell'Antico Testamento :$blezioni fatte al Ginnasio Superiore$9(OLS)http://semarc/title/39799 996 $6260$aTorino :$bLibreria del Sacro Cuore$9(OLS)http://semarc/publisher/38052 LEADER 00687naa a2200133 i 4500 001 000000302930 003 CaOOAMICUS 005 20180831172750.0 008 180831n it u000 u ita u 013 $a36228 040 $aSeMil$bita 245 10$aIntorno alla riforma ed ai tentativi per introdurla in Italia :$bavvertimenti [di] Gaetano Baluffi. 773 0 $tVol. 2.$kTesoro cattolico. Classe 3., Eloquenza, letteratura e varietą : scelta di opere antiche e moderne atte a sanar le piaghe religiose e politiche che affliggono l'odierna societą$w()246619 996 $6245$aIntorno alla riforma ed ai tentativi per introdurla in Italia :$bavvertimenti [di] Gaetano Baluffi$9(OLS)http://semarc/title/379013